|
|
|
|
| LEADER |
00747nam a2200217 a 4500 |
| 001 |
000615490 |
| 003 |
CZ BrMZK |
| 005 |
20040429104424.0 |
| 007 |
ta |
| 008 |
020807s1980 xr f cze d |
| 040 |
|
|
|a BOA001
|b cze
|c BOA001
|
| 080 |
|
|
|a 001.891:338.3
|2 MRF
|
| 080 |
|
|
|a 338.3.001.5/.6
|2 MRF
|
| 080 |
|
|
|a 65.012.1
|2 MRF
|
| 100 |
1 |
|
|a Míček, Miroslav
|4 aut
|
| 245 |
1 |
0 |
|a Organizační opatření a organizační formy přispívající k urychlování cyklů výzkum-výroba.
|n 1. /
|c Miroslav Míček
|
| 260 |
|
|
|a Praha :
|b Ústav pro dilozofii a sociologii ČSAV,
|c 1980
|
| 300 |
|
|
|a 159 s.
|
| 910 |
|
|
|a BOA001
|b 2-0835.138,1
|
| 990 |
|
|
|a BK
|
| 996 |
6 |
|
|b 2619356886
|c 2-0835.138,1
|l MZK
|r Sklad / do 1 hodiny
|n 0
|w 000615490
|u 000010
|a 1
|e BOA001
|j MZK50
|s P
|